[Event "NOE Landesliga 2017/2018"]
[Site "verschiedene"]
[Date "2018.03.04"]
[Round "9"]
[Board "1"]
[White "Weinzettl, Ernst"]
[Black "Blatny, Pavel"]
[Result "1/2-1/2"]
[WhiteElo "2278"]
[BlackElo "2351"]
[PlyCount "119"]
[EventDate "2017.10.01"]
[EventType "team"]
[EventRounds "11"]
[EventCountry "AUT"]
[WhiteTeam "ASVOE VHS Poechlarn"]
[BlackTeam "SK Zwettl"]

1. e4 e5 2. Nf3 Nc6 3. d4 exd4 4. Bc4 Nf6 5. O-O Nxe4 6. Re1 d5 7. Bxd5 Qxd5 8.
Nc3 Qa5 9. Nxe4 Be6 10. Neg5 O-O-O 11. Nxe6 fxe6 12. Rxe6 Bd6 13. Bg5 Rde8 14.
Qe2 Kd7 15. Rxe8 Rxe8 16. Qd3 g6 17. Bd2 Qh5 18. h3 Qd5 19. Qb3 Qxb3 20. axb3
Be7 21. Kf1 Bf6 22. b4 a6 23. Ra3 Ne5 24. Nxe5+ Bxe5 25. Rf3 Ke6 26. Ke2 Kd5
27. Kd3 Bd6 28. g4 Rf8 29. Rxf8 Bxf8 30. f4 Bd6 31. f5 gxf5 32. gxf5 Ke5 33. f6
Kxf6 34. Kxd4 Be5+ 35. Kc4 Kf5 36. b3 Ke4 37. Bg5 h5 38. b5 axb5+ 39. Kxb5 Bd4
40. Bd8 c6+ 41. Ka5 Kf3 42. c4 Kg3 43. h4 Bf2 44. b4 Kg4 45. c5 Be1 46. Kb6
Bxb4 47. Be7 Kf5 48. Kxb7 Ke6 49. Kxc6 Kxe7 50. Kd5 Kf6 51. Ke4 Ba5 52. c6 Bc7
53. Kf3 Kf5 54. Kg2 Kg4 55. Kh1 Kh3 56. Kg1 Bb6+ 57. Kh1 Bc7 58. Kg1 Bd6 59. c7
Bxc7 60. Kh1  1/2-1/2

[Event "NOE Landesliga 2017/2018"]
[Site "verschiedene"]
[Date "2018.03.04"]
[Round "9"]
[Board "3"]
[White "Ganaus, Hannes"]
[Black "Zwettler, Martin"]
[Result "1-0"]
[WhiteElo "2239"]
[BlackElo "2224"]
[PlyCount "57"]
[EventDate "2017.10.01"]
[EventType "team"]
[EventRounds "11"]
[EventCountry "AUT"]
[WhiteTeam "ASVOE VHS Poechlarn"]
[BlackTeam "SK Zwettl"]

1. d4 Nf6 2. Nf3 e6 3. e3 b6 4. Bd3 c5 5. O-O Be7 6. c4 cxd4 7. exd4 Bb7 8. Nc3
d5 9. cxd5 Nxd5 10. Ne5 O-O 11. Qg4 Nf6 12. Qh4 Nc6 13. Bg5 g6 14. Ba6 h6 15.
Bxb7 hxg5 16. Qh3 Nxd4 17. Bxa8 Qxa8 18. Rad1 Nf5 19. Qf3 Qb8 20. Nc6 Qb7 21.
Nxe7+ Qxe7 22. Qc6 Kg7 23. Rfe1 Qb4 24. Qc7 Rh8 25. Rxe6 Qg4 26. f3 Qh4 27.
Rxf6 Kxf6 28. Ne4+ Ke6 29. Qd7+  1-0

[Event "NOE Landesliga 2017/2018"]
[Site "verschiedene"]
[Date "2018.03.04"]
[Round "9"]
[Board "4"]
[White "Mlynek, Petr"]
[Black "Schweitzer, Werner"]
[Result "1-0"]
[WhiteElo "2135"]
[BlackElo "2028"]
[PlyCount "115"]
[EventDate "2017.10.01"]
[EventType "team"]
[EventRounds "11"]
[EventCountry "AUT"]
[WhiteTeam "SK Zwettl"]
[BlackTeam "ASVOE VHS Poechlarn"]

1. d4 d5 2. c4 c6 3. Nc3 Nf6 4. e3 Bf5 5. cxd5 cxd5 6. Qb3 Qd7 7. Nf3 e6 8. Ne5
Qc8 9. Bd2 Nc6 10. Rc1 Nd7 11. Nxd7 Qxd7 12. Na4 Be7 13. Nc5 Bxc5 14. Rxc5 O-O
15. Be2 Rfc8 16. O-O a6 17. Rfc1 h6 18. Qb6 e5 19. dxe5 Nxe5 20. Rxc8+ Rxc8 21.
Rxc8+ Qxc8 22. Bc3 Nc6 23. h3 Qd7 24. a4 Bc2 25. a5 f6 26. Bg4 f5 27. Be2 Nd8
28. Qd4 Nc6 29. Qc5 Bb3 30. Bd3 Kf7 31. Bxg7 Kxg7 32. Qc3+ Kg8 33. Qxb3 Nxa5
34. Qc2 f4 35. exf4 Nc6 36. Qc5 Kg7 37. Qe3 Qe7 38. Qg3+ Kf8 39. Qg6 Qe1+ 40.
Kh2 Qxf2 41. Qxh6+ Ke7 42. f5 Nd4 43. Qg7+ Kd8 44. Qg3 Qxb2 45. Qd6+ Ke8 46.
Qxd5 Qf2 47. Qe4+ Kf8 48. h4 b5 49. h5 Nb3 50. h6 Qd4 51. Qxd4 Nxd4 52. g4 a5
53. Be4 a4 54. g5 a3 55. h7 Kg7 56. f6+ Kh8 57. g6 Ne6 58. Bd5  1-0

[Event "NOE Landesliga 2017/2018"]
[Site "verschiedene"]
[Date "2018.03.04"]
[Round "9"]
[Board "1"]
[White "Kuba, Guenter"]
[Black "Mikes, Jan"]
[Result "1-0"]
[WhiteElo "2331"]
[BlackElo "2233"]
[PlyCount "55"]
[EventDate "2017.10.01"]
[EventType "team"]
[EventRounds "11"]
[EventCountry "AUT"]
[WhiteTeam "SG Voest Krems"]
[BlackTeam "SV Mistelbach"]

1. e4 e6 2. Nf3 d5 3. Nc3 Nf6 4. e5 Nfd7 5. d4 c5 6. dxc5 Bxc5 7. Bd3 Nc6 8.
Bf4 a6 9. Qe2 Nd4 10. Nxd4 Bxd4 11. O-O Qc7 12. Rae1 Bxc3 13. bxc3 Qxc3 14. Qg4
g6 15. Qh4 h6 16. Bg5 Rg8 17. Bxh6 Rh8 18. Qf4 Nxe5 19. Bg5 Nxd3 20. cxd3 Rh5
21. Rc1 Qa3 22. Rc7 Rxg5 23. Qxg5 Bd7 24. Qf6 Rd8 25. Rfc1 a5 26. h4 b5 27.
R1c5 a4 28. Rxd7  1-0

[Event "NOE Landesliga 2017/2018"]
[Site "verschiedene"]
[Date "2018.03.04"]
[Round "9"]
[Board "2"]
[White "Hofmann, Thomas"]
[Black "Kleiser, Gregor"]
[Result "1-0"]
[WhiteElo "2244"]
[BlackElo "2210"]
[PlyCount "35"]
[EventDate "2017.10.01"]
[EventType "team"]
[EventRounds "11"]
[EventCountry "AUT"]
[WhiteTeam "SV Mistelbach"]
[BlackTeam "SG Voest Krems"]

1. e4 c5 2. Nf3 e6 3. c4 Nc6 4. Nc3 Be7 5. d4 cxd4 6. Nxd4 Bf6 7. Ndb5 a6 8.
Nd6+ Kf8 9. Be3 Qa5 10. Qd2 Nge7 11. c5 g6 12. Be2 h5 13. O-O Rb8 14. f4 Qc7
15. f5 gxf5 16. exf5 e5 17. Bh6+ Kg8 18. Ne8  1-0

[Event "NOE Landesliga 2017/2018"]
[Site "verschiedene"]
[Date "2018.03.04"]
[Round "9"]
[Board "3"]
[White "Woeber, Friedrich"]
[Black "Hajek, Oskar"]
[Result "1/2-1/2"]
[WhiteElo "2140"]
[BlackElo "2116"]
[PlyCount "80"]
[EventDate "2017.10.01"]
[EventType "team"]
[EventRounds "11"]
[EventCountry "AUT"]
[WhiteTeam "SG Voest Krems"]
[BlackTeam "SV Mistelbach"]

1. e4 d6 2. d4 Nf6 3. Nc3 e5 4. Nf3 Nbd7 5. Bc4 Be7 6. O-O O-O 7. h3 c6 8. dxe5
dxe5 9. a4 a5 10. Qe2 Qc7 11. Nh4 Nc5 12. Nf5 Bxf5 13. exf5 Rad8 14. Be3 Nd5
15. Qg4 Nxe3 16. fxe3 Kh8 17. Ne4 Nxe4 18. Qxe4 f6 19. Rad1 Bc5 20. Kf2 Qb6 21.
Bb3 Qb4 22. Qxb4 Bxb4 23. c3 Bc5 24. Rxd8 Rxd8 25. Rd1 Rxd1 26. Bxd1 Kg8 27.
Bb3+ Kf8 28. Kf3 Ke7 29. Bg8 h6 30. Be6 b5 31. Bb3 Kd6 32. e4 Bg1 33. Ke2 Kc5
34. Kd3 Bh2 35. Bd1 Bf4 36. b3 Bg3 37. Bh5 Be1 38. Be8 Kb6 39. Kc2 Kc5 40. Kd3
b4  1/2-1/2

[Event "NOE Landesliga 2017/2018"]
[Site "verschiedene"]
[Date "2018.03.04"]
[Round "9"]
[Board "4"]
[White "Teuber, Andreas"]
[Black "Polsterer, Heinz"]
[Result "0-1"]
[WhiteElo "2161"]
[BlackElo "1983"]
[PlyCount "111"]
[EventDate "2017.10.01"]
[EventType "team"]
[EventRounds "11"]
[EventCountry "AUT"]
[WhiteTeam "SV Mistelbach"]
[BlackTeam "SG Voest Krems"]

1. d4 f5 2. g3 Nf6 3. Bg2 g6 4. Nf3 Bg7 5. O-O O-O 6. b3 d6 7. Bb2 Ne4 8. Nbd2
Nd7 9. Nxe4 fxe4 10. Ng5 Nf6 11. Nxe4 Ng4 12. Ng5 c6 13. Nf3 Bf5 14. Nh4 Bd7
15. Qd3 g5 16. Nf3 h6 17. h4 Qe8 18. Bh3 Qh5 19. Kg2 Rf7 20. Bxg4 Bxg4 21. Rh1
Bf5 22. e4 Bg4 23. Nh2 Raf8 24. Raf1 Bf3+ 25. Nxf3 Rxf3 26. Qc4+ Kh8 27. Bc1 b5
28. Qe6 R3f6 29. Qd7 Qf3+ 30. Kg1 Qxg3+ 31. fxg3 Rxf1+ 32. Kg2 R8f2+ 33. Kh3
Rxh1+ 34. Kg4 Rxc1 35. hxg5 hxg5 36. Qe8+ Kh7 37. Qxe7 Rcxc2 38. Qxd6 Rc3 39.
Kxg5 Bf6+ 40. Kh5 Rh2+ 41. Kg4 Rh6 42. e5 Rxg3+ 43. Kxg3 Bh4+ 44. Kg4 Rxd6 45.
exd6 Bf6 46. Kf5 Bxd4 47. Ke6 Bb6 48. b4 a5 49. a3 c5 50. bxc5 Bxc5 51. d7 Bb6
52. Kd5 Kg7 53. Kc6 Bd8 54. Kxb5 Kf7 55. Kc6 Ke7 56. a4  0-1

[Event "NOE Landesliga 2017/2018"]
[Site "verschiedene"]
[Date "2018.03.04"]
[Round "9"]
[Board "1"]
[White "Hofegger, Jakob"]
[Black "Pammer, Andreas"]
[Result "1-0"]
[WhiteElo "2111"]
[BlackElo "2135"]
[PlyCount "69"]
[EventDate "2017.10.01"]
[EventType "team"]
[EventRounds "11"]
[EventCountry "AUT"]
[WhiteTeam "SK Advisory Invest Baden"]
[BlackTeam "SG Bisamberg/Korneuburg"]

1. Nf3 Nf6 2. g3 g6 3. Bg2 Bg7 4. O-O O-O 5. d3 d6 6. e4 e5 7. c3 h6 8. Nbd2
Nbd7 9. b3 Nh7 10. Bb2 Ng5 11. Nh4 Ne6 12. Ndf3 Ng5 13. Qe2 Nf6 14. Qd2 Nfh7
15. Rae1 Bh3 16. d4 Bxg2 17. Kxg2 Qd7 18. Ng1 exd4 19. cxd4 Rae8 20. f3 Re7 21.
d5 Rfe8 22. Bxg7 Kxg7 23. Qc3+ f6 24. Ne2 Kf7 25. Nf4 Nf8 26. Rc1 Rc8 27. Qd4
a6 28. Rc2 Ngh7 29. Nd3 Ng5 30. Nf2 f5 31. exf5 gxf5 32. Nd3 Rce8 33. Rff2 c5
34. dxc6 bxc6 35. Qc4+  1-0

[Event "NOE Landesliga 2017/2018"]
[Site "verschiedene"]
[Date "2018.03.04"]
[Round "9"]
[Board "2"]
[White "Wetscherek, Gerhard"]
[Black "Trippold, Denise"]
[Result "1/2-1/2"]
[WhiteElo "2041"]
[BlackElo "2084"]
[PlyCount "64"]
[EventDate "2017.10.01"]
[EventType "team"]
[EventRounds "11"]
[EventCountry "AUT"]
[WhiteTeam "SG Bisamberg/Korneuburg"]
[BlackTeam "SK Advisory Invest Baden"]

1. e4 e6 2. d4 d5 3. e5 c5 4. c3 Nc6 5. Nf3 Bd7 6. Be2 Nge7 7. O-O Ng6 8. g3
Be7 9. Be3 O-O 10. Nbd2 cxd4 11. cxd4 f6 12. exf6 Bxf6 13. Rc1 Nce7 14. b4 Nf5
15. Nb3 b6 16. Kg2 Nd6 17. Nbd2 Rc8 18. Qb3 Bb5 19. Bxb5 Nxb5 20. Qd3 Qd7 21.
h4 Nd6 22. h5 Nh8 23. Bg5 Qe7 24. Bf4 Nhf7 25. b5 Qb7 26. Rfe1 Rxc1 27. Rxc1
Rc8 28. Rxc8+ Qxc8 29. Qe2 Nf5 30. Qd3 N5d6 31. Qe2 Nf5 32. Qd3 N5d6  1/2-1/2

[Event "NOE Landesliga 2017/2018"]
[Site "verschiedene"]
[Date "2018.03.04"]
[Round "9"]
[Board "3"]
[White "Juenger, Heinz"]
[Black "Seidler, Dieter"]
[Result "1-0"]
[WhiteElo "2111"]
[BlackElo "1936"]
[PlyCount "53"]
[EventDate "2017.10.01"]
[EventType "team"]
[EventRounds "11"]
[EventCountry "AUT"]
[WhiteTeam "SK Advisory Invest Baden"]
[BlackTeam "SG Bisamberg/Korneuburg"]

1. d4 e6 2. c4 d5 3. Nf3 Nf6 4. g3 c6 5. Bg2 Bd6 6. Nc3 O-O 7. Nd2 Nbd7 8. e4
Nxe4 9. Ndxe4 dxe4 10. Nxe4 Be7 11. O-O e5 12. d5 cxd5 13. cxd5 Re8 14. d6 Bf8
15. Bg5 Qa5 16. Rc1 Rb8 17. Rc7 h6 18. Bxh6 Re6 19. Bd2 Qb6 20. Qc2 Re8 21. Be3
Qa5 22. Bh3 Rd8 23. Bg5 f6 24. Qb3+ Kh8 25. Qf7 Bxd6 26. Qh5+ Kg8 27. Be6+  1-0

[Event "NOE Landesliga 2017/2018"]
[Site "verschiedene"]
[Date "2018.03.04"]
[Round "9"]
[Board "4"]
[White "Kadletz, Karl"]
[Black "Geismann, Bernhard"]
[Result "0-1"]
[WhiteElo "1925"]
[BlackElo "2070"]
[PlyCount "128"]
[EventDate "2017.10.01"]
[EventType "team"]
[EventRounds "11"]
[EventCountry "AUT"]
[WhiteTeam "SG Bisamberg/Korneuburg"]
[BlackTeam "SK Advisory Invest Baden"]

1. Nf3 Nc6 2. g3 e5 3. d3 d5 4. Bg2 Nf6 5. O-O Be7 6. Nbd2 O-O 7. e4 dxe4 8.
dxe4 Bc5 9. Qe2 Qe7 10. c3 a5 11. h3 b6 12. a4 Ba6 13. Nc4 Ne8 14. b3 Nd6 15.
Nfd2 Qe6 16. Ba3 Bxa3 17. Rxa3 b5 18. axb5 Nxb5 19. Raa1 Nxc3 20. Qe3 Nd4 21.
Rfe1 Ncb5 22. Rac1 Bb7 23. Nb1 a4 24. bxa4 Rxa4 25. Nca3 Nxa3 26. Nxa3 Rfa8 27.
Nc2 c5 28. Qc3 Ra2 29. Bf1 Rxc2 30. Rxc2 Nxc2 31. Qxc2 Rc8 32. Bc4 Qe7 33. Rd1
Bc6 34. f3 Rd8 35. Kf2 Rd4 36. Bd5 Bxd5 37. exd5 Qd6 38. Rxd4 exd4 39. Qe4 g6
40. f4 f6 41. Qe8+ Kg7 42. Qc6 Qe7 43. d6 Qe3+ 44. Kf1 d3 45. Qb7+ Kh6 46. Qe7
d2 47. Qxe3 d1=Q+ 48. Kf2 Qxd6 49. f5+ Kg7 50. fxg6 hxg6 51. Qe4 f5 52. Qb7+
Kf6 53. Qc8 Ke5 54. Qe8+ Kd5 55. Qg8+ Kd4 56. Qg7+ Kd3 57. Qb7 Qd4+ 58. Kf1 c4
59. Qa6 Qe4 60. Qxg6 Qf3+ 61. Kg1 c3 62. Qd6+ Ke2 63. Qa6+ Kd2 64. Qd6+ Qd3  0-1

[Event "NOE Landesliga 2017/2018"]
[Site "verschiedene"]
[Date "2018.03.18"]
[Round "10"]
[Board "1"]
[White "Schmidrathner, Christian"]
[Black "Kuba, Guenter"]
[Result "1/2-1/2"]
[WhiteElo "2074"]
[BlackElo "2331"]
[PlyCount "21"]
[EventDate "2017.10.01"]
[EventType "team"]
[EventRounds "11"]
[EventCountry "AUT"]
[WhiteTeam "SG Bisamberg/Korneuburg"]
[BlackTeam "SG Voest Krems"]

1. e4 e5 2. Nf3 Nc6 3. Bb5 a6 4. Bxc6 dxc6 5. O-O Qf6 6. d4 exd4 7. Qxd4 Be7 8.
Be3 Be6 9. Nbd2 Qg6 10. Bf4 Nf6 11. Bxc7  1/2-1/2

[Event "NOE Landesliga 2017/2018"]
[Site "verschiedene"]
[Date "2018.03.18"]
[Round "10"]
[Board "2"]
[White "Kleiser, Gregor"]
[Black "Wetscherek, Gerhard"]
[Result "1/2-1/2"]
[WhiteElo "2210"]
[BlackElo "2041"]
[PlyCount "142"]
[EventDate "2017.10.01"]
[EventType "team"]
[EventRounds "11"]
[EventCountry "AUT"]
[WhiteTeam "SG Voest Krems"]
[BlackTeam "SG Bisamberg/Korneuburg"]

1. d4 Nf6 2. Nf3 g6 3. Bf4 d6 4. e3 Bg4 5. Be2 c6 6. O-O Bg7 7. c4 Nbd7 8. Nbd2
Qc7 9. c5 Nh5 10. cxd6 exd6 11. Bg5 Bf6 12. Bh6 Bg7 13. Bxg7 Nxg7 14. b4 O-O
15. Rc1 Rad8 16. Ne1 Bxe2 17. Qxe2 Rfe8 18. Qf3 Rc8 19. Nd3 d5 20. b5 Qd6 21.
bxc6 Rxc6 22. Nb3 Ne6 23. Rxc6 bxc6 24. Rc1 Rc8 25. h4 Kg7 26. g3 Qa3 27. Rc2
Qd6 28. Kg2 h5 29. Qe2 Rc7 30. Qd2 Nd8 31. Qa5 Nb6 32. Nd2 Qe7 33. Nc5 Qf6 34.
Na4 Qf5 35. Rb2 Nxa4 36. Qxa4 Ne6 37. Qa3 g5 38. hxg5 Nxg5 39. Rb8 Ne6 40. Qd6
c5 41. e4 dxe4 42. d5 Rd7 43. Qc6 e3 44. Nf3 Qxd5 45. Qxd5 Rxd5 46. fxe3 c4 47.
Rb2 a5 48. Rc2 Rd3 49. Ne5 Rxe3 50. Nxc4 Rd3 51. Nxa5 Nd4 52. Rf2 Kg6 53. Nc4
f6 54. a4 Rc3 55. Nb6 Nf5 56. Rf3 Rc2+ 57. Kh3 Ra2 58. g4 hxg4+ 59. Kxg4 Nd4
60. Rf4 f5+ 61. Kh4 Rh2+ 62. Kg3 Ne2+ 63. Kxh2 Nxf4 64. a5 Ne6 65. a6 Nc7 66.
a7 Kf7 67. Kg3 Ke6 68. Kf4 Kd6 69. Kxf5 Kc6 70. a8=Q+ Nxa8 71. Nxa8 Kb7  1/2-1/2

[Event "NOE Landesliga 2017/2018"]
[Site "verschiedene"]
[Date "2018.03.18"]
[Round "10"]
[Board "3"]
[White "Pammer, Andreas"]
[Black "Woeber, Friedrich"]
[Result "0-1"]
[WhiteElo "2135"]
[BlackElo "2140"]
[PlyCount "72"]
[EventDate "2017.10.01"]
[EventType "team"]
[EventRounds "11"]
[EventCountry "AUT"]
[WhiteTeam "SG Bisamberg/Korneuburg"]
[BlackTeam "SG Voest Krems"]

1. c4 b6 2. d4 Bb7 3. Nc3 e6 4. a3 f5 5. Nf3 Nf6 6. g3 Be7 7. Bg2 O-O 8. O-O
Ne4 9. Qc2 Nxc3 10. Qxc3 d6 11. e3 Nd7 12. Ng5 Bxg5 13. Bxb7 Rb8 14. Bc6 Bf6
15. b4 Ne5 16. Bg2 c5 17. Bb2 cxd4 18. exd4 Ng6 19. f4 e5 20. fxe5 dxe5 21.
Rxf5 exd4 22. Qd2 Ne7 23. Rf4 Rc8 24. Qd3 Qc7 25. Bxd4 Rfd8 26. Bh3 Nc6 27.
Be6+ Kh8 28. Rxf6 Nxd4 29. Bxc8 gxf6 30. Bh3 Qe5 31. Qf1 Nf3+ 32. Kh1 Nd2 33.
Qd1 Rd4 34. c5 Ne4 35. Qf3 Rd3 36. Qf5 Qxa1+  0-1

[Event "NOE Landesliga 2017/2018"]
[Site "verschiedene"]
[Date "2018.03.18"]
[Round "10"]
[Board "4"]
[White "Polsterer, Heinz"]
[Black "Seidler, Dieter"]
[Result "1-0"]
[WhiteElo "1983"]
[BlackElo "1936"]
[PlyCount "45"]
[EventDate "2017.10.01"]
[EventType "team"]
[EventRounds "11"]
[EventCountry "AUT"]
[WhiteTeam "SG Voest Krems"]
[BlackTeam "SG Bisamberg/Korneuburg"]

1. e4 e6 2. d3 d5 3. Nd2 c5 4. Ngf3 Nc6 5. g3 Nf6 6. Bg2 Be7 7. O-O O-O 8. Re1
b5 9. e5 Nd7 10. Nf1 Qb6 11. h4 Bb7 12. N1h2 Nd4 13. Ng5 h6 14. Nh3 f6 15. c3
Nf5 16. exf6 Bxf6 17. Qh5 Rae8 18. Nf4 Bd8 19. Ng4 d4 20. Bxb7 Qxb7 21. Rxe6
Rxe6 22. Nxe6 Qf3 23. Nf6+  1-0

[Event "NOE Landesliga 2017/2018"]
[Site "verschiedene"]
[Date "2018.03.18"]
[Round "10"]
[Board "1"]
[White "Mikes, Jan"]
[Black "Weinzettl, Ernst"]
[Result "1-0"]
[WhiteElo "2233"]
[BlackElo "2278"]
[PlyCount "83"]
[EventDate "2017.10.01"]
[EventType "team"]
[EventRounds "11"]
[EventCountry "AUT"]
[WhiteTeam "SV Mistelbach"]
[BlackTeam "ASVOE VHS Poechlarn"]

1. e4 e6 2. d4 d5 3. Nc3 Nf6 4. e5 Nfd7 5. f4 c5 6. Nf3 Qb6 7. Be3 a6 8. Na4
Qc6 9. Nc3 Qb6 10. Na4 Qc6 11. b3 b5 12. Nxc5 Nxc5 13. dxc5 Bxc5 14. Bxc5 Qxc5
15. Qd2 Nc6 16. c3 Bd7 17. b4 Qb6 18. Qf2 Qxf2+ 19. Kxf2 O-O 20. Bd3 f6 21.
Rhe1 g5 22. exf6 gxf4 23. Ng5 Rxf6 24. Bxh7+ Kg7 25. Bc2 Rc8 26. Bd3 e5 27. a4
e4 28. axb5 axb5 29. Bxb5 Bf5 30. Red1 Kg6 31. h4 Kh5 32. Rxd5 Ne7 33. Re5 Ng6
34. Nxe4 Nxe5 35. Nxf6+ Kxh4 36. Nd5 Kg5 37. Be2 Ng4+ 38. Bxg4 Kxg4 39. Ra3 Bd3
40. Ra5 Rf8 41. Rc5 f3 42. g3  1-0

[Event "NOE Landesliga 2017/2018"]
[Site "verschiedene"]
[Date "2018.03.18"]
[Round "10"]
[Board "2"]
[White "Ernst, Michael"]
[Black "Hofmann, Thomas"]
[Result "1/2-1/2"]
[WhiteElo "2135"]
[BlackElo "2244"]
[PlyCount "118"]
[EventDate "2017.10.01"]
[EventType "team"]
[EventRounds "11"]
[EventCountry "AUT"]
[WhiteTeam "ASVOE VHS Poechlarn"]
[BlackTeam "SV Mistelbach"]

1. d4 Nf6 2. Bf4 c5 3. e3 Nd5 4. Bxb8 Rxb8 5. c3 e6 6. Nd2 b6 7. Ngf3 Bb7 8.
Bd3 Qc7 9. O-O a6 10. Rc1 Be7 11. Re1 g5 12. dxc5 bxc5 13. Nc4 g4 14. Nfd2 h5
15. Nb3 Ba8 16. Qe2 Nb6 17. e4 Nxc4 18. Bxc4 a5 19. a4 Bg5 20. Rcd1 Ke7 21. Bb5
d6 22. Nd2 Rbd8 23. Nc4 d5 24. exd5 Rxd5 25. Ne3 Rxd1 26. Rxd1 Rd8 27. Rxd8
Qxd8 28. Qd1 Qc7 29. Bf1 Bf4 30. Qd3 Bxh2+ 31. Kh1 Bf4 32. Qb5 Qe5 33. Nc4 Qg5
34. Kg1 g3 35. fxg3 Bxg3 36. Qxa5 Qf4 37. Nd2 Qf2+ 38. Kh1 Qxd2 39. Qa7+ Kf6
40. Qxa8 h4 41. Qf3+ Ke7 42. Qe2 Qxe2 43. Bxe2 Bf4 44. b4 Bd2 45. bxc5 Bxc3 46.
Kh2 Kf6 47. Kh3 Kg5 48. Bc4 Ba5 49. Bb3 Bd8 50. Bc4 Kf4 51. a5 Bxa5 52. Kxh4
Ke4 53. Bb3 Kd4 54. c6 Kc5 55. Ba4 Kb4 56. Bc2 Kc5 57. Ba4 Kb4 58. Bc2 Kc5 59.
Be4 f6  1/2-1/2

[Event "NOE Landesliga 2017/2018"]
[Site "verschiedene"]
[Date "2018.03.18"]
[Round "10"]
[Board "3"]
[White "Vrana, Frantisek"]
[Black "Lammer, Stefan"]
[Result "1-0"]
[WhiteElo "2253"]
[BlackElo "2097"]
[PlyCount "91"]
[EventDate "2017.10.01"]
[EventType "team"]
[EventRounds "11"]
[EventCountry "AUT"]
[WhiteTeam "SV Mistelbach"]
[BlackTeam "ASVOE VHS Poechlarn"]

1. e4 e5 2. Nf3 Nc6 3. Bb5 a6 4. Bxc6 dxc6 5. O-O f6 6. d4 exd4 7. Nxd4 c5 8.
Nb3 Qxd1 9. Rxd1 Bd6 10. Na5 Ra7 11. Nc4 Be7 12. Bf4 Be6 13. Ne3 b6 14. Nc3 g6
15. Ncd5 Bd8 16. Nc4 b5 17. Na5 Bd7 18. Nb3 c6 19. Nc3 c4 20. Nc5 Bb6 21. Nxd7
Rxd7 22. Rxd7 Kxd7 23. Rd1+ Ke8 24. e5 Bc7 25. Re1 f5 26. Ne2 Ne7 27. Nd4 Bb6
28. Nf3 Nd5 29. Bh6 Ke7 30. a3 Bc5 31. Ng5 a5 32. c3 b4 33. axb4 axb4 34. cxb4
Bd4 35. Rc1 Ra8 36. g3 c3 37. bxc3 Nxc3 38. Nf3 Ne2+ 39. Kg2 Nxc1 40. Nxd4 c5
41. Bg5+ Ke8 42. Ne6 Ra1 43. Nxc5 Ne2 44. e6 Rb1 45. Na6 Rg1+ 46. Kh3  1-0

[Event "NOE Landesliga 2017/2018"]
[Site "verschiedene"]
[Date "2018.03.18"]
[Round "10"]
[Board "4"]
[White "Schweitzer, Werner"]
[Black "Gasa, Andrej"]
[Result "0-1"]
[WhiteElo "2028"]
[BlackElo "2259"]
[PlyCount "58"]
[EventDate "2017.10.01"]
[EventType "team"]
[EventRounds "11"]
[EventCountry "AUT"]
[WhiteTeam "ASVOE VHS Poechlarn"]
[BlackTeam "SV Mistelbach"]

1. e4 c5 2. Nc3 e6 3. f4 a6 4. Nf3 Nc6 5. b3 d5 6. Bb2 d4 7. Ne2 Nf6 8. e5 Nd5
9. g3 Be7 10. Nc1 Qa5 11. Kf2 O-O 12. Bc4 Qd8 13. Bxd5 Qxd5 14. c4 Qd7 15. Nd3
b6 16. Qe2 Bb7 17. Rhe1 a5 18. a4 Rae8 19. Kg1 f6 20. h3 Ba8 21. Kh2 Bd8 22.
Rf1 Bc7 23. Rf2 fxe5 24. Nfxe5 Nxe5 25. Nxe5 Bxe5 26. Qxe5 Rf5 27. Qe1 e5 28.
fxe5 Rexe5 29. Re2 Qe6  0-1

[Event "NOE Landesliga 2017/2018"]
[Site "verschiedene"]
[Date "2018.03.18"]
[Round "10"]
[Board "2"]
[White "Lovrinovic, Christian"]
[Black "Vyskocil, Neklan"]
[Result "1/2-1/2"]
[WhiteElo "2139"]
[BlackElo "2325"]
[PlyCount "66"]
[EventDate "2017.10.01"]
[EventType "team"]
[EventRounds "11"]
[EventCountry "AUT"]
[WhiteTeam "KSV Boehlerwerk"]
[BlackTeam "SK Zwettl"]

1. d4 Nf6 2. c4 e6 3. Nc3 Bb4 4. g3 O-O 5. Bg2 d6 6. Nf3 Qe7 7. Qb3 a5 8. O-O
Nc6 9. Na4 e5 10. e3 exd4 11. exd4 Bg4 12. Be3 Ne4 13. Qd3 d5 14. cxd5 Nd8 15.
Ne5 Nf6 16. Bg5 Bd7 17. Nc3 Re8 18. Ne4 Bf5 19. Nxf6+ Qxf6 20. Qe3 Qa6 21. Qf4
Bg6 22. Nxg6 Qxg6 23. Bxd8 Bd6 24. Qg5 Rexd8 25. Qxg6 hxg6 26. a3 Re8 27. Rfe1
Rxe1+ 28. Rxe1 Kf8 29. Kf1 Re8 30. Re3 f5 31. Ke2 Kf7 32. Rxe8 Kxe8 33. Kd3 b6
 1/2-1/2

[Event "NOE Landesliga 2017/2018"]
[Site "verschiedene"]
[Date "2018.03.18"]
[Round "10"]
[Board "3"]
[White "Zwettler, Martin"]
[Black "Ebner, Johann"]
[Result "1-0"]
[WhiteElo "2224"]
[BlackElo "2074"]
[PlyCount "69"]
[EventDate "2017.10.01"]
[EventType "team"]
[EventRounds "11"]
[EventCountry "AUT"]
[WhiteTeam "SK Zwettl"]
[BlackTeam "KSV Boehlerwerk"]

1. d4 e6 2. Bf4 Nf6 3. e3 d5 4. c3 c5 5. Nd2 Nc6 6. Bd3 Bd6 7. Bxd6 Qxd6 8. f4
cxd4 9. cxd4 O-O 10. Ngf3 Ng4 11. Qe2 f5 12. O-O Nf6 13. Ne5 Ne4 14. Nxc6 Qxc6
15. Rfc1 Qd6 16. Bxe4 fxe4 17. Qb5 Qd8 18. Nf1 Rf7 19. Rc3 a6 20. Qc5 Bd7 21.
Qd6 Qe8 22. Rac1 Rc8 23. Rxc8 Bxc8 24. Qb6 Rf8 25. Ng3 g6 26. Nh1 Qd8 27. Qc7
Qd7 28. Nf2 h5 29. Nh3 b5 30. Ng5 Re8 31. b4 Qg7 32. Qxg7+ Kxg7 33. Rc7+ Kg8
34. Nh7 Rd8 35. Kf2  1-0

[Event "NOE Landesliga 2017/2018"]
[Site "verschiedene"]
[Date "2018.03.18"]
[Round "10"]
[Board "4"]
[White "Strobel, Ferdinand"]
[Black "Lipp, Alfred"]
[Result "0-1"]
[WhiteElo "2036"]
[BlackElo "2014"]
[PlyCount "64"]
[EventDate "2017.10.01"]
[EventType "team"]
[EventRounds "11"]
[EventCountry "AUT"]
[WhiteTeam "KSV Boehlerwerk"]
[BlackTeam "SK Zwettl"]

1. f4 g6 2. Nf3 Bg7 3. e3 Nf6 4. d4 O-O 5. Bd3 c5 6. O-O Qc7 7. c3 Nd5 8. Na3
a6 9. Bd2 b5 10. Qe1 d6 11. Rc1 Nd7 12. e4 N5b6 13. e5 c4 14. Bb1 e6 15. Qh4
Bb7 16. Ng5 h6 17. Ne4 Bxe4 18. Bxe4 d5 19. Bb1 Na4 20. f5 exf5 21. Bxh6 Nxb2
22. Bxf5 Nxe5 23. Bxg7 Kxg7 24. Qg3 Rae8 25. Rce1 Qa5 26. Rxe5 Qxa3 27. Re6
Rxe6 28. Bxe6 Nd3 29. Bg4 Qxc3 30. Qe3 Re8 31. Qf3 Qxd4+ 32. Kh1 Qf4  0-1

[Event "NOE Landesliga 2017/2018"]
[Site "verschiedene"]
[Date "2018.03.18"]
[Round "10"]
[Board "1"]
[White "Bauer, Thomas"]
[Black "Lechner, Daniel"]
[Result "1-0"]
[WhiteElo "2178"]
[BlackElo "2192"]
[PlyCount "37"]
[EventDate "2017.10.01"]
[EventType "team"]
[EventRounds "11"]
[EventCountry "AUT"]
[WhiteTeam "SG Litschau/Eisgarn"]
[BlackTeam "ASK Kottingbrunn"]

1. e4 c5 2. Nf3 d6 3. d4 cxd4 4. Nxd4 Nf6 5. Nc3 a6 6. a3 e6 7. f4 Be7 8. Bd3
O-O 9. O-O Nbd7 10. Qf3 Qc7 11. Be3 Nc5 12. g4 Re8 13. f5 e5 14. Nde2 d5 15. g5
dxe4 16. Qg2 Nfd7 17. Bc4 Nb6 18. Ba2 Kh8 19. Bxf7  1-0

[Event "NOE Landesliga 2017/2018"]
[Site "verschiedene"]
[Date "2018.03.18"]
[Round "10"]
[Board "2"]
[White "Todor, Razvan"]
[Black "Wagner, Stefan"]
[Result "1/2-1/2"]
[WhiteElo "2161"]
[BlackElo "2150"]
[PlyCount "25"]
[EventDate "2017.10.01"]
[EventType "team"]
[EventRounds "11"]
[EventCountry "AUT"]
[WhiteTeam "ASK Kottingbrunn"]
[BlackTeam "SG Litschau/Eisgarn"]

1. Nf3 c5 2. c4 g6 3. g3 Bg7 4. Bg2 Nc6 5. O-O a6 6. Nc3 Rb8 7. d3 b5 8. cxb5
axb5 9. Ne4 d6 10. Rb1 Bd7 11. Be3 Nh6 12. h3 Nf5 13. Bd2  1/2-1/2